| 000 | 00810nam a2200205Ia 4500 | ||
|---|---|---|---|
| 003 | OSt | ||
| 005 | 20251021150747.0 | ||
| 008 | 220922b |||||||| |||| 00| 0 pan d | ||
| 037 | _cTB | ||
| 040 |
_aARTS _cARTS _bpan |
||
| 041 |
_2pan _apan |
||
| 084 |
_aO153,1:g M3;N8 _qAL |
||
| 100 |
_aਘੁੰਮਣ, ਬਿਕਰਮ ਸਿੰਘ _9156274 |
||
| 245 | 0 | _aਪੰਜਾਬੀ ਕਿੱਸਾ ਤੇ ਬੀਰ ਕਾਵਿ | |
| 260 |
_aਅੰਮ੍ਰਿਤਸਰ: _bਗੁਰੂ ਨਾਨਕ ਦੇਵ ਯੁਨੀਵਰਸਿਟੀ, _c1998. |
||
| 300 |
_a285ਪੰ _ccm. |
||
| 650 |
_aਪੰਜਾਬੀ ਸਾਹਿਤ _9848994 |
||
| 942 |
_hO153,1:g M3;N8 _cTB _2CC _n0 |
||
| 999 |
_c371929 _d371929 |
||